Giáo dục Việt Nam hội nhập quốc tế

Trình bày những vấn đề chung về toàn cầu hoá và quốc tế hoá giáo dục. Giới thiệu giáo dục toàn cầu thế kỷ XXI và giáo dục Việt Nam trước yêu cầu hội nhập quốc tế

में बचाया:
ग्रंथसूची विवरण
मुख्य लेखक: Phạm, Đỗ Nhật Tiến
अन्य लेखक: Phạm, Lan Hương
स्वरूप: पुस्तक
भाषा:Undetermined
प्रकाशित: Tp. Hồ Chí Minh Đại học Quốc gia Tp. Hồ Chí Minh 2014
विषय:
ऑनलाइन पहुंच:http://lrc.tdmu.edu.vn/opac/search/detail.asp?aID=2&ID=24270
टैग : टैग जोड़ें
कोई टैग नहीं, इस रिकॉर्ड को टैग करने वाले पहले व्यक्ति बनें!
Thư viện lưu trữ: Trung tâm Học liệu Trường Đại học Thủ Dầu Một
LEADER 01059nam a2200217Ia 4500
001 TDMU_24270
008 210410s9999 xx 000 0 und d
082 |a 370.9597 
090 |b PH104 
100 |a Phạm, Đỗ Nhật Tiến 
245 0 |a Giáo dục Việt Nam hội nhập quốc tế 
245 0 |c Phạm Đỗ Nhật Tiến, Phạm Lan Hương 
260 |a Tp. Hồ Chí Minh 
260 |b Đại học Quốc gia Tp. Hồ Chí Minh 
260 |c 2014 
300 |a 367tr. 
520 |a Trình bày những vấn đề chung về toàn cầu hoá và quốc tế hoá giáo dục. Giới thiệu giáo dục toàn cầu thế kỷ XXI và giáo dục Việt Nam trước yêu cầu hội nhập quốc tế 
650 |a Giáo dục  |x Hội nhập quốc tế  |z Việt Nam 
700 |a Phạm, Lan Hương 
856 |u http://lrc.tdmu.edu.vn/opac/search/detail.asp?aID=2&ID=24270 
980 |a Trung tâm Học liệu Trường Đại học Thủ Dầu Một